000 00293nam a22001337a 4500
008 170928b xxu||||| |||| 00| 0 eng d
020 _a9780312554255
041 _aeng
080 _24 ED
_a37
100 _a47
101 _aEDU
245 _aEASY WRITER
_cLUNSFORD.A.A
942 _2udc
_cBK
999 _c30487
_d30487